Southville International School and Colleges
Your cart is empty.
  • Cart
  • Lists
    Public lists Eva Luna New books Lux_list list_1
    Your lists Log in to create your own lists
  • Log in to your account
  • Your cookies
  • Search history
Southville International School and Colleges
  • Advanced search
  • Recent comments
  • Most popular
  • Libraries

Log in to your account

Log in with GOOGLE


If you do not have an external account, but do have a local account, you can still log in:

  1. Home
  2. MARC view: Little Bobo /
Normal view MARC view ISBD view

Little Bobo / (Record no. 113580)

[ view plain ]
MARC details
000 -LEADER
fixed length control field 00799nam a2200217 a 4500
001 - CONTROL NUMBER
control field 0225
005 - DATE AND TIME OF LATEST TRANSACTION
control field 20140414132028.0
008 - FIXED-LENGTH DATA ELEMENTS--GENERAL INFORMATION
fixed length control field 040819s19uu xx 00 eng d
020 ## - INTERNATIONAL STANDARD BOOK NUMBER
International Standard Book Number 0-7358-1097-4
050 ## - LIBRARY OF CONGRESS CALL NUMBER
Classification number TR
Item number L72 1995
100 ## - MAIN ENTRY--PERSONAL NAME
Personal name Romanelli, Serena
245 ## - TITLE STATEMENT
Title Little Bobo /
Statement of responsibility, etc Serena Romanelli ; illustrated by Hans de Beer.
260 ## - PUBLICATION, DISTRIBUTION, ETC. (IMPRINT)
Place of publication, distribution, etc New York :
Name of publisher, distributor, etc North-South Books,
Date of publication, distribution, etc 1995.
300 ## - PHYSICAL DESCRIPTION
Extent 1 v.p. : ill. ; cm.
520 ## - SUMMARY, ETC.
Summary, etc When a strange object falls off a truck passing through the jungle, a bored orangutan discovers that he can make a wonderful sounds with it and in times his family and other jungle animals come to appreciate music well.
650 ## - SUBJECT ADDED ENTRY--TOPICAL TERM
Topical term or geographic name as entry element Orangutan
General subdivision Fiction.
650 ## - SUBJECT ADDED ENTRY--TOPICAL TERM
Topical term or geographic name as entry element Music
General subdivision Fiction.
650 ## - SUBJECT ADDED ENTRY--TOPICAL TERM
Topical term or geographic name as entry element Violin
General subdivision Fiction.
Holdings
Withdrawn status Lost status Damaged status Use restrictions Home library Current library Shelving location Date acquired Source of acquisition Total Checkouts Full call number Barcode Date last seen Price effective from Koha item type
        Munich Library Munich Library Teachers Reference Section 08/19/2004     TR L72 1995 M5171 04/14/2014 04/14/2014 Books
        Munich Library Munich Library Teachers Reference Section 08/19/2004     TR L72 1995 M5170 04/14/2014 04/14/2014 Books

Little Bobo /

APA

Romanelli S., . (1995). Little Bobo. New York: North-South Books.

Chicago

Romanelli Serena, . 1995. Little Bobo. New York: North-South Books.

Harvard

Romanelli S., . (1995). Little Bobo. New York: North-South Books.

MLA

Romanelli Serena, . Little Bobo. New York: North-South Books. 1995.

  • Place hold
  • Print
  • Cite
  • Add to your cart (remove)
  • Save record
    BIBTEX Dublin Core MARCXML MARC (non-Unicode/MARC-8) MARC (Unicode/UTF-8) MARC (Unicode/UTF-8, Standard) MODS (XML) RIS
  • More searches
    Search for this title in:
    Other Libraries (WorldCat) Other Databases (Google Scholar) Online Stores (Bookfinder.com) Open Library (openlibrary.org)

Exporting to Dublin Core...

SOUTHVILLE LIBRARY

Southville International School and Colleges Library

1281 Tropical Ave. Cor. Luxembourg St., BF Homes International, Las Pinas City

Tel. No. 8256374 / 252358 Loc. 117/146

Powered by Koha